Statistics for Red Hot Chili Peppers: Californication Lyrics

Click here to take the quiz!

General Stats

  • This quiz has been taken 503 times
  • The average score is 182 of 270

Answer Stats

Answer % Correct
a
96%
Californication
96%
A
96%
I
96%
the
93%
The
93%
of
92%
Dream
91%
it
89%
it's
86%
It's
86%
you
86%
girl
84%
to
84%
from
84%
To
84%
in
83%
And
82%
and
82%
Hollywood
80%
your
77%
Little
76%
world
75%
Sweden
74%
chin
73%
girl's
72%
that
72%
is
72%
girls
72%
on
71%
be
70%
Be
70%
silver
70%
China
69%
may
69%
me
68%
steal
68%
western
68%
screen
68%
if
68%
dreams
68%
but
67%
Hard
67%
final
67%
edge
67%
try
67%
But
67%
At
66%
porn
66%
all
66%
core
66%
soft
66%
kind
65%
want
65%
east
65%
Sells
65%
these
64%
understood
64%
location
64%
sun
64%
basement
63%
civilization
63%
elation
63%
First
63%
mind's
62%
unicorn
61%
Psychic
61%
born
61%
Born
61%
rise
61%
this
60%
very
60%
spies
60%
least
59%
baby
58%
made
58%
can
57%
no
57%
my
57%
aging
57%
Space
56%
inside
55%
with
55%
high
55%
well
54%
teenage
54%
frontier
54%
Pay
53%
spell
53%
information
52%
hear
52%
break
52%
getting
51%
you're
51%
star
51%
surgeon
51%
boulevard
50%
settles
49%
Or
49%
station
49%
vibration
48%
bride
48%
waging?
48%
buy
48%
guitar
48%
there
47%
Marry
47%
good
47%
There
47%
not
46%
Cobain
46%
own
46%
songs
45%
quotations
45%
far
45%
away
45%
skin
45%
just
45%
war
45%
Celebrity
44%
another
44%
constellation
44%
population
44%
by
43%
control
42%
raised
42%
don't
42%
vacation
41%
fairy
41%
Singing
41%
what
39%
off
39%
creation
37%
mean
36%
spheres
35%
been
35%
are
35%
who
35%
earthquakes
34%
Destruction
33%
also
33%
those
33%
craving
32%
leads
32%
Everybody's
31%
breeds
31%
rest
31%
road
31%
praise
29%
Alderaan's
29%
than
29%
rough
28%
Sicker
27%
test
26%
They're
21%

Score Distribution

Percentile by Number Answered

Percent of People with Each Score

Your Score History

You have not taken this quiz